01068nam a2200265Ia 4500003000400000005001700004008004100021020001800062040001800080041000800098082002100106100002400127245007800151250001200229260006700241300003300308650002500341650004900366650006700415650006800482700003200550942002500582999001900607952017600626OSt20230118113300.0210716s2011 xx 000 0 und d a9780071329415 cAIMIT LIBRARY aeng a153.94 21bSHAA aSharma, Arun969283 aStudy Package for the CAT Online /cBy Arun Sharma and Meenakshi Upadhyay a1st ed. aNew Delhi :bTata McGraw Hill Publishing Company Ltd. ,c2011. axvi,v.57p, ;bPB :c27.5 cm. aAptitude Test969284 aHow to approach Quantitative Aptitude969285 aHow to approach data Interpretation & Logical Reasoning969286 aHow to Approach verbal ability and reading comprehension969287 aUpadhyay, Meenakashi969288 2ddccBKk153.94 SHAA c191310d191310 00102ddc40708MCAaAIMITbAIMITeHigginbothams Pvt Ltdg1295.00iBill no:1416; Bill dt:2011-07-09l0o153.94 SHAApMCA10818r2025-07-21 00:00:00v971.25w2021-07-16yBK